Countries in Serbo-Croatian - Statistics

General Stats
  • This quiz has been taken 56 times
  • The average score is 14 of 15
Answer Stats
Serbian Croatian / Bosnian English % Correct
Данска Danska Denmark
100%
Финска Finska Finland
100%
Француска Francuska France
100%
Пољска Poljska Poland
100%
Србија Srbija Serbia
100%
Турска Turska Turkey
100%
Чешка Češka Czechia
98%
Норвешка Norveška Norway
98%
Шведска Švedska Sweden
98%
Грчка Grčka Greece
96%
Ирска Irska Ireland
96%
Кина Kina China
90%
Алжир Alžir Algeria
88%
Црна Гора Crna Gora Montenegro
85%
Сејшели Sejšeli(e) Seychelles
83%
No matching quizzes found
Score Distribution
Percent of People with Each Score
Percentile by Number Answered
Your Score History
You have not taken this quiz